Electric machinery fundamentals (Record no. 1110)

000 -LEADER
fixed length control field 00674nam a22002294a 4500
001 - CONTROL NUMBER
control field 1110
003 - CONTROL NUMBER IDENTIFIER
control field BD-DhUET
008 - FIXED-LENGTH DATA ELEMENTS--GENERAL INFORMATION
fixed length control field 030923s2005 nyua b 001 0 eng
020 ## - INTERNATIONAL STANDARD BOOK NUMBER
International Standard Book Number 0071151559
040 ## - CATALOGING SOURCE
Original cataloging agency DLC
Transcribing agency DLC
Modifying agency BD-DhUET
082 00 - DEWEY DECIMAL CLASSIFICATION NUMBER
Classification number 623
Item number CHA/2005
100 1# - MAIN ENTRY--PERSONAL NAME
Personal name Chapman, Stephen J.
245 10 - TITLE STATEMENT
Title Electric machinery fundamentals
250 ## - EDITION STATEMENT
Edition statement 4th ed.
260 ## - PUBLICATION, DISTRIBUTION, ETC. (IMPRINT)
Place of publication, distribution, etc. Boston
Name of publisher, distributor, etc. McGraw-Hill
Date of publication, distribution, etc. 2005
300 ## - PHYSICAL DESCRIPTION
Extent xxii, 746p.
Other physical details ill.
Dimensions 24 cm.
500 ## - GENERAL NOTE
General note Includes bibliographies
650 #0 - SUBJECT ADDED ENTRY--TOPICAL TERM
Topical term or geographic name as entry element Electric engineering
856 41 - ELECTRONIC LOCATION AND ACCESS
Uniform Resource Identifier http://www.loc.gov/catdir/toc/mh041/2003065174.html
856 42 - ELECTRONIC LOCATION AND ACCESS
Uniform Resource Identifier http://www.loc.gov/catdir/description/mh041/2003065174.html
942 ## - ADDED ENTRY ELEMENTS (KOHA)
Koha item type General Book
Holdings
Price effective from Copy number Sublocation or collection (holding branch) Koha issues (times borrowed) Koha date last borrowed Location (home branch) Koha renewals Shelving location Piece designation (barcode) Koha item type Koha date last seen Lost status Damaged status Date acquired Not for loan Source of classification or shelving scheme Koha out on loan Koha normalized classification for sorting Koha full call number Withdrawn status
2014-08-301Central Library, BUET152024-12-18Central Library, BUET Circulation section103333General Book2025-04-16  2014-08-30   623_000000000000000_CHA_2005623/CHA/2005 
2014-08-302Central Library, BUET232026-03-30Central Library, BUET Circulation section103335General Book2026-04-15  2014-08-30   623_000000000000000_CHA_2005623/CHA/2005 
2014-08-303Central Library, BUET22016-02-27Central Library, BUET Circulation section103336General Book2016-02-27  2014-08-30  2017-02-26623_000000000000000_CHA_2005623/CHA/2005 
2014-08-304Central Library, BUET112022-11-22Central Library, BUET1Circulation section103337General Book2022-11-22  2014-08-30  2022-12-06623_000000000000000_CHA_2005623/CHA/2005 
2015-01-265Central Library, BUET172025-12-01Central Library, BUET Circulation section103339General Book2025-12-01  2015-01-26  2025-12-15623_000000000000000_CHA_2005623/CHA/2005 
2015-12-306Central Library, BUET252026-01-07Central Library, BUET Circulation section103340General Book2026-02-03  2015-12-30   623_000000000000000_CHA_2005623/CHA/2005